Khoáng sét và sự liên quan của chúng với một vài chỉ tiêu lý hoá học trong một số loại đất Việt Nam
Sách trình bày cơ sở khoa học nhiều loại đất Việt Nam, trình bày có hệ thống về lý luận, tổng quan về những vấn đề nghiên cứu, mối quan hệ đến các tính chất khác nhau của đất và ứng dụng thực tiễn....
Đã lưu trong:
| Hovedforfatter: | |
|---|---|
| Format: | Bog |
| Sprog: | Undetermined |
| Udgivet: |
Hà Nội
Khoa học và Kỹ thuật
2003
|
| Fag: | |
| Tags: |
Tilføj Tag
Ingen Tags, Vær først til at tagge denne postø!
|
| Thư viện lưu trữ: | Trung tâm Học liệu Trường Đại học Cần Thơ |
|---|
| LEADER | 01084nam a2200229Ia 4500 | ||
|---|---|---|---|
| 001 | CTU_74741 | ||
| 008 | 210402s9999 xx 000 0 und d | ||
| 020 | |b 19500 | ||
| 082 | |a 620.191 | ||
| 082 | |b Th500 | ||
| 100 | |a Đào, Châu Thu | ||
| 245 | 0 | |a Khoáng sét và sự liên quan của chúng với một vài chỉ tiêu lý hoá học trong một số loại đất Việt Nam | |
| 245 | 0 | |c Đào Châu Thu | |
| 260 | |a Hà Nội | ||
| 260 | |b Khoa học và Kỹ thuật | ||
| 260 | |c 2003 | ||
| 520 | |a Sách trình bày cơ sở khoa học nhiều loại đất Việt Nam, trình bày có hệ thống về lý luận, tổng quan về những vấn đề nghiên cứu, mối quan hệ đến các tính chất khác nhau của đất và ứng dụng thực tiễn. | ||
| 526 | |a Thực tập giáo trình,Thực tập giáo trình | ||
| 526 | |b NN698,NN712 | ||
| 650 | |a Clay | ||
| 904 | |i Tuyến | ||
| 980 | |a Trung tâm Học liệu Trường Đại học Cần Thơ | ||